00249nam a2200085Ia 450000100070000000500170000700800410002424500330006526000650009868933120250826161632.0250824s9999 xx 000 0 und d 0aSAFAHATcMEHMET AKİF ERSOY bKONYA BÜYÜKŞEHİR BELEDİYESİ KÜLTÜR YAYINLARI